Tập bài hát 2

Salvato in:
Dettagli Bibliografici
Autore principale: Hoàng, Long
Altri autori: Lê, Minh Châu
Natura: Libro
Lingua:Undetermined
Pubblicazione: H. Giáo dục 2004
Soggetti:
Accesso online:http://lrc.tdmu.edu.vn/opac/search/detail.asp?aID=2&ID=4420
Tags: Aggiungi Tag
Nessun Tag, puoi essere il primo ad aggiungerne! !
Thư viện lưu trữ: Trung tâm Học liệu Trường Đại học Thủ Dầu Một
LEADER 00613nam a2200205Ia 4500
001 TDMU_4420
008 210410s9999 xx 000 0 und d
082 |a 782.42 
090 |b H407 
100 |a Hoàng, Long 
245 0 |a Tập bài hát 2 
245 0 |c Hoàng Long 
260 |a H. 
260 |b Giáo dục 
260 |c 2004 
300 |a 36tr 
650 |a Âm nhạc  |x Giảng dạy và học tập; Sách lớp 2 
700 |a Lê, Minh Châu 
856 |u http://lrc.tdmu.edu.vn/opac/search/detail.asp?aID=2&ID=4420 
980 |a Trung tâm Học liệu Trường Đại học Thủ Dầu Một